000 00686nam a2200217Ia 4500
003 GCL
008 140319s9999 xx 000 0 ara d
040 _aGCL /
_cGCL
082 0 4 _a327.1
_bا ا
100 1 _aالسيد عليوة
245 1 0 _aادارة الصراعات الدولية /
_cالسيد عليوة
260 _a[S.N] :
_bالهيئة المصرية العامة للكتاب ،
_c1988
300 _a452 ص
490 _a
650 0 4 _aالعالم العربى
650 0 4 _aالسياسة الدولية
650 0 4 _aالعلاقات الخارجية
650 0 4 _aالمنازعات الدولية
650 0 4 _aالقوى العظمى
942 _2ddc
_cBK
999 _c32647
_d32647